00322nam a22001337a 4500003000400000005001700004008004100021040000800062050001500070082001500085245004500100260003300145300001000178OSt20260615071836.0260615b |||||||| |||| 00| 0 eng d cDLC a248bEV92H a248bEV92H aWholehearted Faithcby Rachel Held Evans aNew York:bHarperOne,c2022. a196p.